| 000 | 01438cam a22003497a 4500 | ||
|---|---|---|---|
| 003 | CHAP | ||
| 005 | 20220329133821.0 | ||
| 008 | 971013s1974 r 00010 d | ||
| 010 | _a11328 | ||
| 011 | _a12300 | ||
| 035 | _a14950 | ||
| 040 | _cCHAP | ||
| 082 |
_a380.83 _bM4 1971 |
||
| 110 |
_aMéxico. Dirección General de Estadística _976986 |
||
| 245 | 1 | 0 | _aCenso de servicios (6o.) 1971 ; datos de 1970 |
| 260 |
_aMéxico, D. F. : _bLa Dirección, _c1974- |
||
| 300 | _av. | ||
| 500 | _aLa biblioteca tiene : Instituciones de crédito, Organizaciones auxiliares e instituciones de seguros, Resumen general | ||
| 590 |
_aBATCH-UPD _b10 _c20130110 _lUCH01 _h2234 |
||
| 590 |
_aBATCH-UPD _b10 _c20130410 _lUCH01 _h1529 |
||
| 590 |
_aBATCH-UPD _b10 _c20130914 _lUCH01 _h2022 |
||
| 590 |
_aCONVERSION _b10 _c20130109 _lUCH01 _h1307 |
||
| 650 | 1 | 4 |
_aServicios públicos _xEstadísticas. _9105336 |
| 901 | _aBK | ||
| 942 | _cLIBRO | ||
| 949 |
_a380.83 M4 1971 _bBC _cC _d33724000513354 _eC _fInst. c.2 _h36689 _i14950 _si |
||
| 949 |
_a380.83 M4 1971 _bBC _cC _d33724000513362 _eC _fInst. c.4 _h61578 _i14950 _si |
||
| 949 |
_a380.83 M4 1971 _bBC _cC _d33724000513370 _eC _fInst. c.3 _h43928 _i14950 _si |
||
| 949 |
_a380.83 M4 1971 _bBC _cC _d33724000513388 _eC _fInst. _h34498 _i14950 _si |
||
| 949 |
_a380.83 M4 1971 _bBC _cC _d33724000513412 _eC _fRes. Gral. _h39932 _i14950 _si |
||
| 949 |
_a380.83 M4 1971 _bBC _cC _d33724000513438 _eC _fRes. Gral. c.2 _h44542 _i14950 _si |
||
| 999 |
_c11328 _d11328 |
||